[Event "PHI-ch (Women)"]
[Site "Manila"]
[Date "2014.06.28"]
[Round "11"]
[White "De Guzman, Ruth Aubrey"]
[Black "Reyes, Queenie Lyn Dc"]
[Result "1-0"]
[WhiteElo "1948"]
[BlackElo "1964"]
[PlyCount "139"]
[EventDate "2014.06.21"]
[EventType "tourn"]
[EventRounds "11"]
[EventCountry "PHI"]
[SourceTitle "CBM 161 Extra"]
[Source "ChessBase"]
[SourceDate "2014.08.29"]
[SourceVersion "1"]
[SourceVersionDate "2014.08.29"]
[SourceQuality "1"]

1. d4 Nf6 2. Nf3 e6 3. Bf4 c5 4. e3 b6 5. c3 Be7 6. Bd3 0-0 7. h3 Bb7 8. Nbd2 d6 9. 0-0 cxd4 10. exd4 Nd5 11. Bg3 Nd7 12. a3 N7f6 13. c4 Nc7 14. Rc1 Re8 15. Bb1 Bf8 16. b4 g6 17. Nb3 Bh6 18. Nfd2 Nh5 19. Bh2 Na6 20. f4 Bg7 21. Be4 Bxe4 22. Nxe4 d5 23. Ned2 Rc8 24. c5 bxc5 25. dxc5 Nb8 26. a4 Qd7 27. b5 a6 28. c6 Qa7+ 29. Kh1 axb5 30. axb5 Qa4 31. Qe2 Qb4 32. g4 Nf6 33. Bg1 Ne4 34. Nxe4 dxe4 35. Qc4 Qa3 36. Bc5 Qb2 37. Rc2 Qf6 38. Qxe4 e5 39. g5 Qe6 40. Qe2 Qd5+ 41. Qf3 e4 42. Qe3 Red8 43. Rd2 Qc4 44. Rxd8+ Rxd8 45. Rc1 Qxb5 46. c7 Rc8 47. cxb8Q Rxb8 48. Nd4 Qb2 49. Rd1 Rc8 50. Nc6 Re8 51. Ne7+ Kh8 52. Qxe4 Rb8 53. Bd4 Bxd4 54. Qxd4+ Qxd4 55. Rxd4 Kg7 56. Nc6 Rb7 57. Ne5 f6 58. Rd7+ Rxd7 59. Nxd7 fxg5 60. fxg5 Kf7 61. Kg2 h6 62. gxh6 g5 63. Ne5+ Kf6 64. Ng4+ Kg6 65. Kf3 Kh7 66. Ke4 Kg6 67. Ke5 Kh7 68. Kf5 Kg8 69. Kxg5 Kh7 70. Ne5 1-0

[Event "PHI-ch (Women)"]
[Site "Manila"]
[Date "2014.06.21"]
[Round "2"]
[White "Dantes, Aurora Kim"]
[Black "Reyes, Queenie Lyn Dc"]
[Result "1/2-1/2"]
[WhiteElo "1875"]
[BlackElo "1964"]
[PlyCount "72"]
[EventDate "2014.06.21"]
[EventType "tourn"]
[EventRounds "11"]
[EventCountry "PHI"]
[SourceTitle "CBM 161 Extra"]
[Source "ChessBase"]
[SourceDate "2014.08.29"]
[SourceVersion "1"]
[SourceVersionDate "2014.08.29"]
[SourceQuality "1"]

1. Nf3 d5 2. d4 Nf6 3. c4 c6 4. cxd5 cxd5 5. Nc3 Nc6 6. Bf4 a6 7. Rc1 Bf5 8. e3 e6 9. Bd3 Bxd3 10. Qxd3 Be7 11. 0-0 0-0 12. a3 Rc8 13. b4 b5 14. Ne5 Nxe5 15. Bxe5 Nd7 16. Nb1 Nb6 17. Nd2 Rxc1 18. Rxc1 Nc4 19. Rb1 Qd7 20. Ra1 Bd6 21. Bxd6 Qxd6 22. Nb3 g6 23. Nc5 Kg7 24. g3 h5 25. h4 Re8 26. Nb7 Qb6 27. Nc5 a5 28. Kg2 Ra8 29. Qb1 Ra7 30. Qc1 Qd8 31. Nd3 axb4 32. axb4 Qa8 33. Rxa7 Qxa7 34. Kf3 Qa2 35. Qc3 Nd2+ 36. Kg2 Nc4 1/2-1/2

[Event "PHI-ch sf (Women)"]
[Site "Manila"]
[Date "2014.??.??"]
[Round "2"]
[White "Reyes, Queenie Lyn Dc"]
[Black "Dantes, Aurora Kim"]
[Result "1-0"]
[WhiteElo "1885"]
[BlackElo "1745"]
[PlyCount "39"]
[EventDate "2014.03.??"]
[EventType "swiss"]
[EventRounds "9"]
[EventCountry "PHI"]
[SourceTitle "EXT 2016"]
[Source "ChessBase"]
[SourceDate "2015.10.08"]
[SourceVersion "1"]
[SourceVersionDate "2015.10.08"]
[SourceQuality "1"]

1. c4 g6 2. g3 Bg7 3. Bg2 e5 4. Nc3 Ne7 5. e3 0-0 6. Nge2 c6 7. 0-0 d5 8. cxd5 cxd5 9. d4 e4 10. b3 Nbc6 11. Nf4 b6 12. Ba3 Ba6 13. Re1 Re8 14. Rc1 Rc8 15. f3 g5 16. Nh5 Nf5 17. Nxg7 Nxg7 18. fxe4 dxe4 19. Nxe4 Nf5 20. Qg4 1-0

[Event "PHI-ch sf (Women)"]
[Site "Manila"]
[Date "2014.??.??"]
[Round "8"]
[White "Reyes, Queenie Lyn Dc"]
[Black "Regencia, Janena Marie"]
[Result "0-1"]
[WhiteElo "1885"]
[BlackElo "1885"]
[PlyCount "172"]
[EventDate "2014.03.??"]
[EventType "swiss"]
[EventRounds "9"]
[EventCountry "PHI"]
[SourceTitle "EXT 2016"]
[Source "ChessBase"]
[SourceDate "2015.10.08"]
[SourceVersion "1"]
[SourceVersionDate "2015.10.08"]
[SourceQuality "1"]

1. c4 Nf6 2. g3 g6 3. Bg2 Bg7 4. Nc3 d6 5. e4 c6 6. Nge2 Na6 7. d3 Bg4 8. f3 Bd7 9. Be3 h5 10. h4 Qa5 11. a3 0-0 12. 0-0 Qd8 13. Rb1 Nc7 14. d4 Nh7 15. Qd2 Re8 16. b4 Qc8 17. Kh2 b6 18. a4 Nf8 19. Bh6 a5 20. Bxg7 Kxg7 21. b5 c5 22. f4 Bg4 23. e5 cxd4 24. Qxd4 Nce6 25. Qd5 Rb8 26. Nd4 Nxd4 27. Qxd4 Ne6 28. Qd5 Rd8 29. Qc6 dxe5 30. Nd5 exf4 31. gxf4 Rd6 32. Qxc8 Rxc8 33. Rbc1 Kf8 34. Rfe1 Re8 35. Rc3 Rc8 36. Kg3 Re8 37. Ree3 Nd4 38. Be4 Bf5 39. Rcd3 Bxe4 40. Rxe4 Nf5+ 41. Kf2 Red8 42. Rh3 e6 43. Nxb6 Rxb6 44. c5 Rbb8 45. c6 Rdc8 46. Rd3 Rc7 47. Rc4 Ke7 48. Rb3 Rb6 49. Rd3 Ke8 50. Rc2 Ne7 51. Re2 Nxc6 52. bxc6 Rb4 53. Red2 Rxf4+ 54. Kg3 Rg4+ 55. Kh3 Rxc6 56. Rd8+ Ke7 57. R8d7+ Kf6 58. Rf2+ Ke5 59. Rdxf7 Rc3+ 60. R7f3 Rxf3+ 61. Rxf3 Rxa4 62. Re3+ Re4 63. Rg3 Rg4 64. Re3+ Kf5 65. Rf3+ Ke4 66. Ra3 e5 67. Rxa5 Kf4 68. Ra8 e4 69. Rf8+ Ke3 70. Ra8 Kf3 71. Rf8+ Ke2 72. Re8 e3 73. Ra8 Kf2 74. Rf8+ Ke1 75. Kh2 Rd4 76. Kg2 e2 77. Ra8 Kd2 78. Ra2+ Ke3 79. Ra3+ Rd3 80. Ra1 Rc3 81. Rh1 Rc4 82. Ra1 Rg4+ 83. Kh3 Kf2 84. Ra2 Kf1 85. Ra7 e1Q 86. Rf7+ Kg1 0-1